| 000 | 00492nam a22001697a 4500 | ||
|---|---|---|---|
| 003 | OSt | ||
| 005 | 20221109195725.0 | ||
| 008 | 221006b |||||||| |||| 00| 0 eng d | ||
| 020 | _a84-7807-319-1 | ||
| 040 | _cBiblioteca Lado V | ||
| 082 |
_a750 _bC186r |
||
| 100 |
_9345 _aCampano, Miguel Angel _etextos |
||
| 245 | _aRojo de Cadmio nunca muere Guerrero Campano/ | ||
| 260 |
_c2002 _bCromotex _aEspaƱa |
||
| 300 |
_a176p. _c22x23cm |
||
| 942 |
_2ddc _c1 _h750 _iC186r _n0 |
||
| 999 |
_c2535 _d2535 |
||